000 00995nam a2200229 a 4500
001 BRCA_8720
005 20190320210359.0
008 130217s1785----ag-#######---#000-0#spa-#
041 _aspa
044 _asp
084 _aBE61
_b.P58 1785
100 1 _aPluche, Noël Antoine
_d1688-1761
_921346
245 1 0 _aEspectáculo de la naturaleza o conversaciones acerca de las particularidades de la historia natural, que han parecido más a propósito para excitar una curiosidad útil, y formarles la razón à los jóvenes lectores
_cescrito en idioma francés por el abad M. Pluche; y traducido al castellano.
250 _a4a ed.
260 _aMadrid
_bEn la Imprenta de Andrés de Sotos
_c1785
300 _a294 p. (t.2)
_bil., 8h. plegables
_c20.4 x 14 cm
500 _aEstado físico: presenta encuadernación en pergamino y presencia del pez de plata
505 0 _aContenido: t.2, pte.1
650 1 4 _aCiencias naturales
_yObras anteriores a 1800
_921347
902 _aCFM
942 _2lcc
_cB
999 _c8372
_d8372